The Life of a Showgirl Song Quiz - Statistics

General Stats
  • This quiz has been taken 78 times
  • The average score is 11 of 12
Answer Stats
Answer % Correct
The Fate of Ophelia
97%
The Life of a Showgirl (feat. Sabrina Carpenter)
95%
Opalite
94%
Wood
92%
Elizabeth Taylor
91%
CANCELLED!
89%
Eldest Daughter
88%
Father Figure
88%
Honey
86%
Ruin the Friendship
85%
Wi$h Li$t
83%
Actually Romantic
77%
No matching quizzes found
Score Distribution
Percent of People with Each Score
Percentile by Number Answered
Your Score History
You have not taken this quiz